[Event "POL-ch U14 Girls"]
[Site "Suwalki"]
[Date "2015.04.13"]
[Round "8"]
[White "Poreba, Weronika"]
[Black "Szelag, Zuzanna"]
[Result "0-1"]
[WhiteElo "1427"]
[BlackElo "1635"]
[PlyCount "78"]
[EventDate "2015.04.08"]
[EventType "swiss"]
[EventRounds "9"]
[EventCountry "POL"]
[SourceTitle "EXT 2017"]
[Source "ChessBase"]
[SourceDate "2016.10.25"]
[SourceVersion "1"]
[SourceVersionDate "2016.10.25"]
[SourceQuality "1"]

1. e4 c5 2. Nf3 Nc6 3. d4 cxd4 4. Nxd4 g6 5. c4 Nf6 6. Nc3 d6 7. Be2 Nxd4 8. Qxd4 Bg7 9. Be3 0-0 10. Qd3 Be6 11. 0-0 Nd7 12. Qd2 Re8 13. Bd4 Qa5 14. Bxg7 Kxg7 15. Kh1 Rec8 16. b3 a6 17. f4 Nf6 18. Qd3 b5 19. Nd5 bxc4 20. bxc4 Bxd5 21. exd5 Rc5 22. f5 Nd7 23. Qd4+ Ne5 24. Qh4 Qc7 25. g4 Rb8 26. g5 Qc8 27. Rf4 Kg8 28. f6 exf6 29. gxf6 Rb2 30. Bg4 Qf8 31. Qg3 Qh6 32. Re1 Ra5 33. Rf2 Raxa2 34. Rxb2 Rxb2 35. c5 Kf8 36. cxd6 Nxg4 37. Re8+ Kxe8 38. d7+ Kd8 39. h3 Qc1+ 0-1

[Event "POL-ch U14 Girls"]
[Site "Suwalki"]
[Date "2015.04.10"]
[Round "4"]
[White "Poreba, Weronika"]
[Black "Lukaszewska, Magdalena"]
[Result "1-0"]
[WhiteElo "1427"]
[BlackElo "1249"]
[PlyCount "71"]
[EventDate "2015.04.08"]
[EventType "swiss"]
[EventRounds "9"]
[EventCountry "POL"]
[SourceTitle "EXT 2017"]
[Source "ChessBase"]
[SourceDate "2016.10.25"]
[SourceVersion "1"]
[SourceVersionDate "2016.10.25"]
[SourceQuality "1"]

1. e4 c5 2. Nf3 e6 3. d4 cxd4 4. Nxd4 Nf6 5. Nc3 d6 6. Be3 a6 7. f3 Bd7 8. Qd2 Nc6 9. g4 Be7 10. 0-0-0 Rc8 11. g5 Ng8 12. h4 Qa5 13. Kb1 b5 14. Nb3 Qd8 15. Qg2 Ne5 16. f4 Nc4 17. Bxc4 bxc4 18. Nd2 a5 19. h5 a4 20. g6 f6 21. gxh7 Nh6 22. Qxg7 Nf7 23. Rdg1 Rb8 24. Qg8+ Bf8 25. Rg7 Qe7 26. Rxf7 Qxf7 27. Qxh8 Ke7 28. Qg8 Qg7 29. h8Q Qxg8 30. Qxg8 a3 31. Nxc4 axb2 32. Nxb2 e5 33. Nd5+ Ke8 34. Nxf6+ Ke7 35. Nd5+ Ke8 36. Bb6 1-0

[Event "POL-ch U14 Girls"]
[Site "Suwalki"]
[Date "2015.04.08"]
[Round "1"]
[White "Kaczmarska, Joanna"]
[Black "Poreba, Weronika"]
[Result "1-0"]
[WhiteElo "1906"]
[BlackElo "1427"]
[PlyCount "69"]
[EventDate "2015.04.08"]
[EventType "swiss"]
[EventRounds "9"]
[EventCountry "POL"]
[SourceTitle "EXT 2017"]
[Source "ChessBase"]
[SourceDate "2016.10.25"]
[SourceVersion "1"]
[SourceVersionDate "2016.10.25"]
[SourceQuality "1"]

1. d4 Nf6 2. c4 c5 3. d5 d6 4. Nc3 g6 5. e4 Bg7 6. f4 0-0 7. Nf3 e6 8. Bd3 exd5 9. cxd5 Bg4 10. 0-0 Nbd7 11. h3 Bxf3 12. Qxf3 a6 13. a4 Qc7 14. Be3 c4 15. Bc2 Rab8 16. a5 Nc5 17. Na4 Nfd7 18. Qe2 Nxa4 19. Bxa4 Bxb2 20. Qxb2 Nc5 21. Bc2 b5 22. axb6 Rxb6 23. Qc3 Ra8 24. Qxc4 a5 25. Bxc5 dxc5 26. e5 Rb4 27. Qc3 a4 28. d6 Qa7 29. Kh2 a3 30. Rf3 a2 31. Bb3 Rc8 32. Rxa2 Qd7 33. Bd5 Rd4 34. Rd2 Rb4 35. f5 1-0

[Event "POL Olympiad U12 Girls"]
[Site "Spala"]
[Date "2014.12.30"]
[Round "7.5"]
[White "Kalinowska, Zuzanna"]
[Black "Poreba, Weronika"]
[Result "1-0"]
[WhiteElo "1542"]
[BlackElo "1414"]
[PlyCount "113"]
[EventDate "2014.04.06"]
[EventType "swiss"]
[EventRounds "9"]
[EventCountry "POL"]
[SourceTitle "EXT 2023"]
[Source "ChessBase"]
[SourceDate "2022.10.05"]
[SourceVersion "1"]
[SourceVersionDate "2022.10.05"]
[SourceQuality "1"]

1. d4 d5 2. Nf3 Nf6 3. c4 dxc4 4. e3 e6 5. Bxc4 c5 6. 0-0 a6 7. b3 b5 8. Be2 Nc6 9. Bb2 Bb7 10. a4 b4 11. Nbd2 Be7 12. Nc4 0-0 13. Rc1 cxd4 14. Nxd4 Rc8 15. Bf3 Nd5 16. Qe2 Nxd4 17. Bxd4 Bf6 18. Rfd1 Bxd4 19. Rxd4 Qf6 20. Qe1 Qe7 21. Bxd5 Bxd5 22. e4 Bxc4 23. Rdxc4 Rxc4 24. Rxc4 a5 25. h3 h6 26. Qe3 Qd7 27. Rc5 Ra8 28. e5 Qd8 29. Rc4 Rc8 30. Rxc8 Qxc8 31. Kf1 Qc6 32. Qd3 Qd5 33. Qxd5 exd5 34. Ke2 f6 35. exf6 gxf6 36. Ke3 Kf7 37. Kd4 Ke6 38. g3 Kd6 39. f4 Kc6 40. g4 Kd6 41. h4 Ke6 42. g5 fxg5 43. fxg5 hxg5 44. hxg5 Kd6 45. g6 Ke6 46. g7 Kf7 47. Kxd5 Kxg7 48. Kc5 Kf6 49. Kb5 Ke6 50. Kxa5 Kd7 51. Kxb4 Kc6 52. a5 Kc7 53. Kc5 Kb7 54. b4 Ka7 55. b5 Kb7 56. b6 Kb8 57. Kc6 1-0

[Event "POL Olympiad U12 Girls"]
[Site "Walbrzych"]
[Date "2013.??.??"]
[Round "4.6"]
[White "Swiech, Joanna"]
[Black "Poreba, Weronika"]
[Result "1/2-1/2"]
[WhiteElo "1554"]
[BlackElo "1384"]
[PlyCount "110"]
[EventDate "2013.04.??"]
[EventType "team-swiss"]
[EventRounds "9"]
[EventCountry "POL"]
[SourceTitle "EXT 2015"]
[Source "ChessBase"]
[SourceDate "2014.11.20"]
[SourceVersion "1"]
[SourceVersionDate "2014.11.20"]
[SourceQuality "1"]

1. d4 e5 2. d5 Nf6 3. c4 Bc5 4. Nc3 0-0 5. Nf3 d6 6. h3 c6 7. e4 cxd5 8. cxd5 Bd7 9. Bd3 a6 10. 0-0 b5 11. Bd2 b4 12. Na4 Bxa4 13. Qxa4 Qd7 14. Qxd7 Nbxd7 15. Rac1 a5 16. Rc2 Nh5 17. Rfc1 Nf4 18. Bxf4 exf4 19. Kf1 f6 20. Nd2 Rfe8 21. Bb5 Re7 22. Nb3 Bb6 23. Rc6 Bc5 24. Nxc5 Nxc5 25. Rxd6 Nxe4 26. Re6 Rxe6 27. dxe6 Nd6 28. Bd7 Kf8 29. Rc7 Nf5 30. Ke2 Ne7 31. Kd3 h6 32. Kc4 a4 33. Rb7 b3 34. axb3 axb3 35. Kxb3 Nf5 36. Kc3 g5 37. b4 Ra2 38. Rb8+ Ke7 39. b5 Ra1 40. b6 Rb1 41. b7 Nd6 42. Bc8 Nb5+ 43. Kd3 Na7 44. Ra8 Nc6 45. Bd7 Ne5+ 46. Ke4 Rxb7 47. Rh8 Nxd7 48. exd7 Rxd7 49. Rxh6 Rd2 50. Kf3 Ke6 51. h4 Kf7 52. hxg5 fxg5 53. g3 fxg3 54. Kxg3 Kg7 55. Ra6 Rd4 1/2-1/2